Il bacio della donna ragno /

Gorde:
Xehetasun bibliografikoak
Egile Nagusiak: Carneiro, Nando (Konpositorea), Neschling, John (Konpositorea)
Beste egile batzuk: Torres, Fernando (attore) (Aktorea), Bisso, Patricio (Aktorea), Sanchez, Rodolfo (Argazkilaria), Schrader, Leonard (Eszenan ipintzen duena), Hurt, William (Aktorea), Julia, Raul (Aktorea), Braga, Sonia (Aktorea), Babenco, Héctor (Zuzendaria), Lewgoy, José (attore) (Aktorea)
Formatua: Diapositiba
Hizkuntza:italiera
ingelesa
Argitaratua: [Roma] : Dall'Angelo Pictures, [2011]
Edizioa:25. anniversario
Etiketak: Etiketa erantsi
Etiketarik gabe, Izan zaitez lehena erregistro honi etiketa jartzen!

MARC

LEADER 00000ngm a22000007ia4500
001 IT\ICCU\LO1\1372131
003 ItRI
005 20260124182856.0
008 110726s2011 it |||||||||||||||k|||||c
024 3 1 |a 8033844181644 
028 4 2 |a DL18164  |b Dall'Angelo Pictures 
040 |b ita 
041 7 |a ita  |a eng  |2 ISO-639-2 
082 |a 791.43  |9 CINEMA  |2 19 
130 0 |a Kiss of the spider woman <film ; 1985>  |3 IT\ICCU\CAG\0851657 
245 0 3 |a Il bacio della donna ragno /  |c directed by Hector Babenco ; screenplay by Leonard Schrader ; based on the novel by Manuel Puig ; director of photography Rodolfo Sanchez ; original orchestral score by John Neschling & Nando Carneiro ; produced by David Weisman ; cast: William Hurt, Raul Julia, Sonia Braga ... [et al.]. 
250 |a 25. anniversario 
260 |a [Roma] :  |b Dall'Angelo Pictures,  |c [2011] 
300 |a 2 DVD video (315 min.) ;  |c in contenitore, 19 cm 
500 |a Titolo del contenitore 
500 |a Produzione cinematografica Brasile/USA 1985 
700 1 |a Puig, Manuel  |0 IT\ICCU\CFIV\004029  |4 ant 
700 1 |a Torres, Fernando  |c  (attore)  |0 IT\ICCU\DDSV\380655  |4 act 
700 1 |a Bisso, Patricio  |0 IT\ICCU\DDSV\380656  |4 act 
700 1 |a Sanchez, Rodolfo  |0 IT\ICCU\LO1V\383555  |4 pht 
700 1 |a Carneiro, Nando  |0 IT\ICCU\LO1V\383556  |4 cmp 
700 1 |a Schrader, Leonard  |0 IT\ICCU\MODV\327500  |4 sce 
700 1 |a Hurt, William  |0 IT\ICCU\RAVV\089639  |4 act 
700 1 |a Julia, Raul  |0 IT\ICCU\RAVV\089653  |4 act 
700 1 |a Braga, Sonia  |0 IT\ICCU\RAVV\089654  |4 act 
700 1 |a Babenco, Héctor  |0 IT\ICCU\RAVV\094639  |4 drt 
700 1 |a Lewgoy, José  |c  (attore)  |0 IT\ICCU\RAVV\306071  |4 act 
700 1 |a Neschling, John  |0 IT\ICCU\UBOV\538807  |4 cmp 
710 2 |a Dall'Angelo Pictures  |0 IT\ICCU\DDSV\154623  |4 pbl 
942 |2 ddc  |c VM  |n 0 
952 |0 0  |1 0  |4 0  |6 VO_2245_000000000000000  |7 0  |9 27377  |a BO  |b BO  |d 2026-01-24  |i 18383  |l 0  |o VO 2245  |p BO18383  |r 2026-01-24 18:28:56  |w 2026-01-24  |x [Sebina 5] [dvd 1-2]  |y VM  |z 2 dvd 
999 |c 23189  |d 23189